Veľká banková lúpež

Sumy na odmeny bankárom v USA a zisky veľkých bánk. Manažéri a správcovia penzijných fondov. Pákový efekt a reálne schopnosti. Nízke úrokové sadzby. Presun inflačného rizika na sporiteľov a budúce generácie. Regulácia a etika.

Gespeichert in:
Bibliographische Detailangaben
1. Verfasser: Taleb, Nassim Nicholas
Weitere Verfasser: Spitznagel, Mark
Format: Buchkapitel
Sprache:Slowakisch
Schlagworte:
Tags: Tag hinzufügen
Keine Tags, Fügen Sie das erste Tag hinzu!

MARC

LEADER 00000naa a2200000 4500
001 0141680
005 20220725111709.7
041 0 |a slo 
044 |a SK 
245 1 0 |a Veľká banková lúpež  |c Nassim Nicholas Taleb, Mark Spitznagel 
520 |a Sumy na odmeny bankárom v USA a zisky veľkých bánk. Manažéri a správcovia penzijných fondov. Pákový efekt a reálne schopnosti. Nízke úrokové sadzby. Presun inflačného rizika na sporiteľov a budúce generácie. Regulácia a etika. 
610 2 0 |a banky 
610 2 0 |a bankovníctvo 
610 2 0 |a riziko bankové 
610 2 0 |a sadzby úrokové 
610 2 0 |a stratégia investičná 
610 2 0 |a regulácia 
610 2 0 |a investori 
610 2 0 |a zisk 
610 2 0 |a inflácia 
610 2 0 |a rozhodovanie manažérske 
610 2 0 |a etika manažérska 
100 1 |a Taleb, Nassim Nicholas 
700 1 |a Spitznagel, Mark